| 000 | 00000nam##2200000za#4500 |
| 001 | 9.581568 |
| 003 | CaOODSP |
| 005 | 20210624191558 |
| 007 | cr ||||||||||| |
| 008 | 150406|2015||||xxc|||||o f|0| 0 eng|d |
| 040 | |aCaOODSP|beng |
| 043 | |an-cn--- |
| 086 | 1 |aRv55-5/2-5-11-2015E-PDF |
| 110 | 2 |aCanada Border Services Agency. |
| 245 | 10|aAdministrative and operational guidelines for commercial air-mode carriers for the processing of prescribed traveller information pursuant to the requirements of the Canada Border Services Agency |h[electronic resource] |
| 260 | |bCanada Border Services Agency |
| 300 | |a5p. |
| 490 | 1 |aCustoms D memoranda. D2, International travel |vD2-5-11, January 28, 2015 |
| 500 | |a"Superseded Memorandum D: D2-5-11 dated May 31, 2006". |
| 590 | |a15-11|b2015-03-13 |
| 775 | 08|tLignes directrices administratives et opérationnelles à l'intention des transporteurs aériens commerciaux pour le traitement des renseignements réglementaires relatifs aux voyageurs selon les exigences de l'Agence des services frontaliers du Canada |w(CaOODSP)9.608344 |
| 830 | #0|aCustoms D memoranda. D2, International travel ;|vD2-5-11, January 28, 2015|w(CaOODSP)9.816825 |
| 856 | 40|ahttp://publications.gc.ca|qPDF|s71 KB|uhttps://publications.gc.ca/collections/collection_2015/asfc-cbsa/Rv55-5-2-5-11-2015-eng.pdf|yD2-5-11, January 28, 2015 |